Vận tải-giao nhận quốc tế và bảo hiểm hàng hải = Nguyên tắc và thực hành (Principles and practice)

Guardado en:
Detalles Bibliográficos
Autor principal: Dương, Hữu Hạnh
Formato: Libro
Lenguaje:Undetermined
Publicado: Tp. Hồ Chí Minh Thống kê 2004
Materias:
Etiquetas: Agregar Etiqueta
Sin Etiquetas, Sea el primero en etiquetar este registro!
Thư viện lưu trữ: Trung tâm Học liệu Trường Đại học Cần Thơ
LEADER 00673nam a2200205Ia 4500
001 CTU_92684
008 210402s9999 xx 000 0 und d
020 |c 48000 
082 |a 346.0862 
082 |b H107 
100 |a Dương, Hữu Hạnh 
245 0 |a Vận tải-giao nhận quốc tế và bảo hiểm hàng hải = 
245 0 |b Nguyên tắc và thực hành (Principles and practice) 
245 0 |c Dương Hữu Hạnh 
260 |a Tp. Hồ Chí Minh 
260 |b Thống kê 
260 |c 2004 
650 |a Industrial management,Insurance 
904 |i Nguyên 
980 |a Trung tâm Học liệu Trường Đại học Cần Thơ